Pokémon that don’t say their Name when Speaking - Statistics

General Stats
  • This quiz has been taken 13 times
    7 since last reset
  • The average score is 25 of 98
Answer Stats
Types Answer % Correct
Psychic MewTwo
75%
Psychic Abra
50%
Flying-Ice Articuno
50%
Poison-Bug Beedrill
50%
Normal-Fighting Bewear
50%
Fire-Ghost Blacephalon
50%
Psychic-Grass Celebi
50%
Steel-Flying Celesteela
50%
Bug-Steel Genesect
50%
Dark-Dragon Guzzlord
50%
Steel-Psychic Jirachi
50%
Ice-Dragon Kyurem
50%
Psychic-Flying Lunala
50%
Fire-Flying Moltres
50%
Psychic Necrozma
50%
Poison-Rock Nihilego
50%
Fire-Dragon Reshiram
50%
Steel-Psychic Solgaleo
50%
Water-Psychic Starmie
50%
Water Staryu
50%
Fire-Psychic Victini
50%
Electric Xurkitree
50%
Steel-Fairy Zacian
50%
Steel-Fighting Zamazenta
50%
Electric-Flying Zapdos
50%
Electric-Dragon Zekrom
50%
Normal Arceus
25%
Psychic-Grass Calyrex
25%
Bug Cascoon
25%
Fire-Flying Charizard
25%
Ice-Dark Chien-Pao
25%
Fire-Dark Chi-Yu
25%
Steel-Fighting Cobalion
25%
Psychic Cosmoem
25%
Psychic Cosmog
25%
Psychic Deoxys
25%
Steel-Dragon Dialga
25%
Rock-Fairy Diancie
25%
Dragon-Flying Dragonite
25%
Fire Entei
25%
Poison-Fairy Fezandipiti
25%
Ground Groudon
25%
Fire-Flying Ho-Oh
25%
Water-Fighting Keldeo
25%
Water Kingler
25%
Fighting-Dragon Koraidon
25%
Water Krabby
25%
Water Kyogre
25%
Water-Ice Lapras
25%
Psychic-Dragon Latias
25%
Psychic-Dragon Latios
25%
Fighting-Steel Lucario
25%
Psychic-Ghost Lugia
25%
Electric-Dragon Miraidon
25%
Poison-Psychic Munkidori
25%
Grass Ogerpon
25%
Poison-Fighting Okidogi
25%
Rock-Ground Onix
25%
Water-Dragon Palkia
25%
Electric Raikou
25%
Dragon-Flying Rayquaza
25%
Bug Silcoon
25%
Water Suicune
25%
Normal Terapagos
25%
Rock-Fighting Terrakion
25%
Dark-Ground Ting-Lu
25%
Grass-Fighting Virizion
25%
Water-Fire Volcanion
25%
Dark-Grass Wo-Chien
25%
Fairy Xerneas
25%
Dark-Flying Yveltal
25%
Ground-Dragon Zygarde
25%
Electric Electabuzz
0%
Fairy-Flying Enamorus
0%
Poison-Dragon Eternatus
0%
Fairy Fidough
0%
Grass Floragato
0%
Normal Furfrou
0%
Ghost-Dragon Giratina
0%
Ice Glastrier
0%
Water-Flying Gyarados
0%
Steel-Fire Heatran
0%
Normal Komala
0%
Fighting Kubfu
0%
Steel-Fairy Magearna
0%
Water Manaphy
0%
Grass-Dark Meowscarada
0%
Water Milotic
0%
Ghost-Fairy Mimikyu
0%
Steel Orthworm
0%
Poison-Ghost Pecharunt
0%
Water Phione
0%
Steel Registeel
0%
Grass-Flying Rowlet
0%
Normal Silvally
0%
Ghost Spectrier
0%
Grass Sprigatito
0%
Normal Type: Null
0%
No matching quizzes found
Score Distribution
Percent of People with Each Score
Percentile by Number Answered
Your Score History
You have not taken this quiz since the last reset